000 00577nam a2200181Ia 4500
003 GCL
008 140319s9999 xx 000 0 ara d
040 _aGCL /
_cGCL
082 0 4 _a818.03
_bم ح
100 1 _aمحمد عابد الجابرى
245 1 0 _aحفريات فى الذاكرة من بعيد /
_cمحمد عابد الجابرى
300 _a238 ص
490 _aمركز دراسات الوحده العربية
_v0
650 0 4 _aالادب العربى
650 0 4 _aالرجال - تراجم
650 0 4 _aالمذكرات الادبية
942 _2ddc
_cBK
999 _c50134
_d50134